| 000 | 00746nac a22002051u 4500 | ||
|---|---|---|---|
| 008 | 130122b1993 nyu||||| |||| 001 0 eng d | ||
| 010 | _a 92032673 | ||
| 020 | _a0471551929 | ||
| 082 | 0 | 0 |
_a681.2 _bDAL _222 |
| 100 |
_aDally, James W. _931988 |
||
| 245 | 1 | 0 |
_aInstrumentation for Engineering Measurements / _cJames W. Dally, William F. Riley, Kenneth G. McConnell. |
| 250 | _a2nd ed. | ||
| 260 |
_aNew York : _bWiley,c1993. _cc1993. |
||
| 300 |
_axxi, 584 p. : _bill. ; _c26 cm. |
||
| 504 | _aIncludes bibliographical references and indexes. | ||
| 650 | 0 |
_aEngineering instruments. _929415 |
|
| 700 | 1 |
_aRiley, William F. _q(William Franklin), _d1925- _931989 |
|
| 700 | 1 |
_aMcConnell, Kenneth G. _931990 |
|
| 942 |
_cBB _k681.2 DAL _2ddc |
||
| 999 |
_c4071 _d4071 |
||